000 00766nam a2200217 a 4500
001 000046848
005 20210616135554.0
008 180403s2015 dr a 000 0 spa d
020 _a9789945167085
040 _aDO-SdBNP
_bspa
_cBNPHU
082 _axxx
_bxxx
100 1 _aNina Gómez, Carlos
_96492
245 1 0 _aRanking mundial del boxeo :
_blos 30 más grandes de la historia /
_cCarlos Nina Gómez ; fotografías Carlos Mejía, Jhonny Roquestan.
260 _aSanto Domingo :
_bBúho,
_c2015.
300 _a456 p. :
_bil. ;
_c23 cm.
590 _aInventariado, 2018/ YL
500 _aIncluye datos biográficos del autor en las solapas.
504 _aBibliografía p: 559
700 1 2 _aMejía, Carlos
_efot.
_974792
700 1 2 _aRoquestan, Jhonny
_efot.
_974793
999 _c46337
_d46337